| 000 | 01000nam a2200253 u 4500 | ||
|---|---|---|---|
| 005 | 20210223133356.0 | ||
| 008 | 170823s2015 r 000 0 eng d | ||
| 020 | _a9786078450213 (Bonilla Artigas) | ||
| 020 | _a9786078434619 (UAEM) | ||
| 035 | _aUPN01000219877 | ||
| 049 | _aCG | ||
| 050 | 4 |
_aHN120 M8 _bA4.8 |
|
| 100 | 1 |
_aAlpuche Garcés, Oscar _941530 |
|
| 245 | 1 | 3 |
_aLa vinculación sociocultural, una estrategia de formación del ingeniero en desarrollo rural / _cOscar Alpuche Garcés, María Guadalupe Medina Márquez, Francisco García Matías. |
| 260 |
_aMéxico : _bBonilla Artigas : _bUAEM, _c2015. |
||
| 300 |
_a141 p. : _bil., figs., mapas |
||
| 440 | 0 |
_aPública social ; _v15 |
|
| 650 | 4 |
_aDESARROLLO RURAL - _xESTUDIO Y ENSEÑANZA (SUPERIOR) - _zMORELOS _926636 |
|
| 610 | 2 | 4 |
_aUNIVERSIDAD AUTONOMA DEL ESTADO DE MORELOS _926635 |
| 700 | 1 |
_aMedina Márquez, María Guadalupe, _ecoaut. |
|
| 700 | 1 |
_aGarcía Matías, Francisco, _ecoaut. |
|
| 905 | _aLibro | ||
| 999 |
_c191976 _d191976 |
||